000 00866nas a2200265 4500
001 BR2012002953
003 BR-BrBNA
005 20231205120458.0
007 ta
008 230509b bl.|||p| |||| 00| 00por d
040 _aBR-BrBNA
_bpor
_cBiblioteca Nacional de Agricultura
041 _a(Pt)
072 _aQ03
100 1 _aSilva, B.C.
100 1 _aFortuna, J.L.
245 1 _aCondições higiênico-sanitárias na manipulação de alimentos em cozinhas e cantinas de escolas públicas municipais de Mucuri, BA
650 _aHIGIENE DE ALIMENTO
650 _aÁGUA
650 _aCOLIFORME
650 _aANÁLISE MICROBIOLÓGICA
650 _aEDUCAÇÃO SANITÁRIA
773 0 _tHigiene Alimentar (Brazil)
_xISSN 0101-9171
_g(Nov-Dec 2011), v. 25(202-203) p. 51-56
_wBR2012002953
909 _a202311
_bLúcia
_c55
_dLúcia Elande
942 _2AGRIS
_n0
_cANA
999 _c218719
_d218719